The history of Africa : (Record no. 8836)
[ view plain ]
| 000 -LEADER | |
|---|---|
| fixed length control field | 02283nac a22003251i 4500 |
| 003 - CONTROL NUMBER IDENTIFIER | |
| control field | EG-ScBUE |
| 005 - DATE AND TIME OF LATEST TRANSACTION | |
| control field | 20240626111804.0 |
| 008 - FIXED-LENGTH DATA ELEMENTS--GENERAL INFORMATION | |
| fixed length control field | 080730s2007 enk f b 001 0 eng d |
| 020 ## - INTERNATIONAL STANDARD BOOK NUMBER | |
| International Standard Book Number | 0415771390 (pbk.) |
| 020 ## - INTERNATIONAL STANDARD BOOK NUMBER | |
| International Standard Book Number | 9780415771399 (pbk.) |
| 040 ## - CATALOGING SOURCE | |
| Original cataloging agency | EG-ScBUE |
| Language of cataloging | eng |
| Description conventions | rda |
| Transcribing agency | EG-ScBUE |
| Modifying agency | EG-ScBUE |
| 043 ## - GEOGRAPHIC AREA CODE | |
| Geographic area code | f------ |
| 082 04 - DEWEY DECIMAL CLASSIFICATION NUMBER | |
| Classification number | 960 |
| Item number | ASA |
| Edition number | 22 |
| 100 1# - MAIN ENTRY--PERSONAL NAME | |
| Personal name | Asante, Molefi K., |
| Relator term | author. |
| 245 14 - TITLE STATEMENT | |
| Title | The history of Africa : |
| Remainder of title | the quest for eternal harmony / |
| Statement of responsibility, etc | Molefi Kete Asante. |
| 264 #1 - PUBLICATION, DISTRIBUTION, ETC. (IMPRINT) | |
| Place of publication, distribution, etc | Milton Park, Abingdon, Oxon ; |
| -- | New York |
| Name of publisher, distributor, etc | Routledge, |
| Date of publication, distribution, etc | 2007. |
| 300 ## - PHYSICAL DESCRIPTION | |
| Extent | 397 pages ; |
| Dimensions | 23 cm |
| 336 ## - CONTENT TYPE | |
| Source | rdacontent |
| Content type term | text |
| Content type code | txt |
| 337 ## - MEDIA TYPE | |
| Media type term | unmediated |
| Source | rdamedia |
| Media type code | n |
| 338 ## - CARRIER TYPE | |
| Carrier type term | volume |
| Carrier type code | nc |
| Source | rdacarrier |
| 500 ## - GENERAL NOTE | |
| General note | Simultaneously published in the USA and Canada. |
| 504 ## - BIBLIOGRAPHY, ETC. NOTE | |
| Bibliography, etc | Includes bibliographical references and index. |
| 505 0# - FORMATTED CONTENTS NOTE | |
| Formatted contents note | pt. 1. The time of the awakening -- Africa and the origin of humanity -- pt. 2. The age of literacy -- Africa and the beginning of civilization -- The rise of Kemet/Egypt -- The elements of early African civilization -- Governance and the political stability of Kemet -- pt. 3. The moment of realization -- The emergence of the great river kingdoms -- pt. 4. The age of construction -- The spread of classical empires and kingdoms -- The Sudanic empires : historians and their narratives -- Generators of traditional and contemporary Africa -- Societies of secrets : farmers and metallurgists -- pt. 5. The time of chaos -- Arab and European missionaries, merchants, and mercenaries -- Resisting European and Arab slave traders -- pt. 6. The age of reconstruction -- Africa regains consciousness in a Pan-African explosion -- pt. 7. The time for consolidation -- Africa consolidates independence -- Toward a United States of Africa without compromise -- Chronology of African history -- General references -- Architectonic references -- Appendices -- Ethnic groups -- Major linguistic groups. |
| 651 #7 - SUBJECT ADDED ENTRY--GEOGRAPHIC NAME | |
| Geographic name | Africa |
| General subdivision | History. |
| Source of heading or term | BUEsh |
| 651 #7 - SUBJECT ADDED ENTRY--GEOGRAPHIC NAME | |
| Geographic name | Africa |
| General subdivision | Civilization. |
| Source of heading or term | BUEsh |
| 655 ## - INDEX TERM--GENRE/FORM | |
| Form subdivision | Reading book |
| 856 41 - ELECTRONIC LOCATION AND ACCESS | |
| Materials specified | Table of contents only |
| Uniform Resource Identifier | <a href="http://www.loc.gov/catdir/toc/ecip0616/2006021528.html">http://www.loc.gov/catdir/toc/ecip0616/2006021528.html</a> |
| 856 41 - ELECTRONIC LOCATION AND ACCESS | |
| Materials specified | Publisher description |
| Uniform Resource Identifier | <a href="http://www.loc.gov/catdir/enhancements/fy0704/2006021528-d.html">http://www.loc.gov/catdir/enhancements/fy0704/2006021528-d.html</a> |
| 942 ## - ADDED ENTRY ELEMENTS (KOHA) | |
| Koha item type | Book - Borrowing |
| Source of classification or shelving scheme | Dewey Decimal Classification |
| Withdrawn status | Lost status | Source of classification or shelving scheme | Damaged status | Not for loan | Collection code | Home library | Current library | Shelving location | Date acquired | Source of acquisition | Total Checkouts | Full call number | Barcode | Date last seen | Date checked out | Price effective from | Koha item type |
|---|---|---|---|---|---|---|---|---|---|---|---|---|---|---|---|---|---|
| Dewey Decimal Classification | Baccah | Central Library | Central Library | Second Floor | 25/03/2008 | Purchase | 2 | 960 ASA | 000010501 | 15/07/2025 | 27/09/2018 | 25/03/2008 | Book - Borrowing |